Normal view
MARC view
- المقامات العربية - العصر المملوكي
Entry Topical Term
001 - CONTROL NUMBER
- control field: 20684
003 - CONTROL NUMBER IDENTIFIER
- control field: JO-AjAnu
005 - DATE AND TIME OF LATEST TRANSACTION
- control field: 20230606073608.0
008 - FIXED-LENGTH DATA ELEMENTS
- fixed length control field: 230606|| aca||aabn | a|a d
040 ## - CATALOGING SOURCE
- Original cataloging agency: JO-AjAnu
- Transcribing agency: JO-AjAnu
150 ## - HEADING--TOPICAL TERM
- Topical term or geographic name entry element: المقامات العربية - العصر المملوكي
670 ## - SOURCE DATA FOUND
- Source citation: Work cat.: (JO-AjAnu)10624: دراسة وتحقيق الدروبي،سمير , author 20683, مقامة رشف الرحيق في وصف الحريق: مقامة في حرب المدن بين المسلمين والفرنجة لصلاح الدين خليل بن أيبك الصفدي ت 764هـ - 1362م